006700000a22002050004500003001100000008004100011040003900052041000800091082001300099100002400112245004400136260004500180300001000225650003700235650007200272650003800344650002600382650002200408650003400430LK-CoMWRAF230817t ||||| |||| 00| 0 eng d aLK-CoMWRAFdLK-CoMWRAFeLK-CoMWRAF aeng a743bMOH aMohan, R.Vasundhara aIdentity Crisis of Sri Lankan Muslimsb bMittal PublicationsaIndia (Delhi)c1987 ap.163 aArab Settlements in Acient India aDistrictwise Distribution of Moor and Malay Population in Sri Lanka aEconomy, Education and Employment aHistorical Background aPolitical Profile aSociety, Culture and Religion